| 000 | 00505nam a22001697a 4500 | ||
|---|---|---|---|
| 003 | SGT | ||
| 020 | _a9788131230213 | ||
| 082 |
_a618.92 _bI21I |
||
| 100 | _aILLINGWORTH, RONALD S. | ||
| 245 | _aILLINGWORTH'S THE DEVELOPMENT OF THE INFANT AND THE YOUNG CHILD NORMAL AND ABNORMAL | ||
| 250 | _a11TH | ||
| 260 |
_aINDIA _bELSEVIER PUB _c2021 |
||
| 300 | _a275 | ||
| 650 | _aPEDIATRICS | ||
| 653 | _aILLINGWORTH'S THE DEVELOPMENT OF THE INFANT AND THE YOUNG CHILD NORMAL AND ABNORMAL | ||
| 942 |
_2ddc _cBK |
||
| 999 |
_c23224 _d23224 |
||